Guess the Artist from 3 Songs - Statistics

General Stats
  • This quiz has been taken 105 times
    84 since last reset
  • The average score is 59 of 100
Answer Stats
Songs Artist % Correct
"Beat It", "Billie Jean", "Thriller" Michael Jackson
99%
"Bohemian Rhapsody", "Don't Stop Me Now", "We Are the Champions" Queen
99%
"Perfect", "Photograph", "Shape of You" Ed Sheeran
97%
"Firework", "Hot n Cold", "I Kissed a Girl" Katy Perry
97%
"My Name Is", "Lose Yourself", "The Real Slim Shady" Eminem
96%
"Alejandro", "Bad Romance", "Poker Face" Lady Gaga
96%
"Back In Black", "Highway to Hell", "Thunderstruck" AC/DC
95%
"Dancing Queen", "Mamma Mia", "Waterloo" ABBA
94%
"Gimme More", "Toxic", "Womanizer" Britney Spears
92%
"Hello", "Someone like You", "Skyfall" Adele
90%
"Like a Prayer", "Music", "Vogue" Madonna
90%
"Candle in the Wind", "Rocket Man", "Your Song" Elton John
89%
"All I Want for Christmas Is You", "Dreamlover", "We Belong Together" Mariah Carey
87%
"Come As You Are", "Lithium", "Smells Like Teen Spirit" Nirvana
87%
"Disco Inferno", "Hustler's Ambition", "In da Club" 50 Cent
86%
"Back to Black", "Love Is a Losing Game", "Rehab" Amy Winehouse
86%
"Clocks", "Fix You", "Viva la Vida" Coldplay
86%
"Heartbreak Hotel", "Hound Dog", "Jailhouse Rock" Elvis Presley
86%
"November Rain", "Sweet Child o' Mine", "Welcome to the Jungle" Guns N' Roses
86%
"Diamonds", "Don’t Stop the Music", "Rude Boy" Rihanna
86%
"Careless Whisper", "Faith", "Father Figure" George Michael
82%
"Formation", "Halo", "Irreplaceable" Beyoncé
81%
"9 to 5", "Jolene", "I Will Always Love You" Dolly Parton
81%
"7 Rings", "Into You", "Thank U, Next" Ariana Grande
80%
"Clint Eastwood", "Feel Good Inc.", "On Melancholy Hill" Gorillaz
80%
"American Idiot", "Basket Case", "Boulevard of Broken Dreams" Green Day
80%
"Californication", "Can't Stop", "Under the Bridge" Red Hot Chili Peppers
80%
"Espresso", "Feather", "Please Please Please" Sabrina Carpenter
80%
"Immigrant Song", "Kashmir", "Stairway to Heaven" Led Zeppelin
78%
"Bad Medicine", "It's My Life", "Livin' on a Prayer" Bon Jovi
77%
"Fly Me to the Moon", "My Way", "Strangers in the Night" Frank Sinatra
77%
"99 Problems", "Girls, Girls, Girls", "Takeover" Jay-Z
77%
"Enter Sandman", "Master of Puppets", "One" Metallica
77%
"Dream On", "I Don't Want to Miss a Thing", "Walk This Way" Aerosmith
76%
"Little Red Corvette", "Purple Rain", "When Doves Cry" Prince
76%
"She Wolf", "Underneath Your Clothes", "Whenever, Wherever" Shakira
76%
"Bad Guy", "Happier Than Ever", "Ocean Eyes" Billie Eilish
75%
"Believer", "Demons", "Radioactive" Imagine Dragons
75%
"Crawling", "In the End", "Numb" Linkin Park
75%
"Beautiful", "Fighter", "Genie in a Bottle" Christina Aguilera
73%
"Misery", "She Will Be Loved", "This Love" Maroon 5
72%
"Heroes", "Space Oddity", "Starman" David Bowie
68%
"Summertime Sadness", "Video Games", "West Coast" Lana Del Rey
68%
"Alright", "Humble", "Money Trees" Kendrick Lamar
63%
"Beautiful Day", "One", "Sunday Bloody Sunday" U2
63%
"Iron Man", "Paranoid", "War Pigs" Black Sabbath
62%
"Houdini", "Love Again", "New Rules" Dua Lipa
61%
"Cry Me a River", "My Love", "Rock Your Body" Justin Timberlake
61%
"Detroit Rock City", "I Was Made for Lovin’ You", "Love Gun" Kiss
59%
"Comfortably Numb", "Money", "Time" Pink Floyd
59%
"Champagne Supernova", "Morning Glory", "Slide Away" Oasis
58%
"Digital Love", "Harder, Better, Faster, Stronger", "One More Time" Daft Punk
57%
"A Boy Named Sue", "I Walk the Line", "Ring of Fire" Johnny Cash
57%
"Signed, Sealed, Delivered I'm Yours", "Sir Duke", "Superstition" Stevie Wonder
57%
"All for You", "Love Will Never Do", "Together Again" Janet Jackson
53%
"I Heard It Through the Grapevine", "Let's Get It On", "Sexual Healing" Marvin Gaye
53%
"Idioteque", "Let Down", "Paranoid Android" Radiohead
53%
"Girls & Boys", "Parklife", "Song 2" Blur
52%
"Burn", "Child in Time", "Smoke on the Water" Deep Purple
52%
"Hysteria", "Pour Some Sugar on Me", "Photograph" Def Leppard
51%
"Man! I Feel Like a Woman!", "That Don’t Impress Me Much", "You're Still the One" Shania Twain
51%
"Can't Get You Out of My Head", "In Your Eyes", "Spinning Around" Kylie Minogue
49%
"Enjoy the Silence", "Everything Counts", "Personal Jesus" Depeche Mode
48%
"I'm Like a Bird", "Maneater", "Say It Right" Nelly Furtado
48%
"No Ordinary Love", "Smooth Operator", "The Sweetest Taboo" Sade
48%
"Carry You Home", "Goodbye My Lover", "You're Beautiful" James Blunt
46%
"Ain’t No Sunshine", "Lean on Me", "Lovely Day" Bill Withers
43%
"No You Girls", "Take Me Out", "This Fire" Franz Ferdinand
43%
"La Grange", "Sharp Dressed Man", "Tush" ZZ Top
43%
"Adam’s Song", "All the Small Things", "I Miss You" Blink-182
42%
"A View to a Kill", "Hungry Like the Wolf", "Rio" Duran Duran
42%
"Better Man", "Daughter", "Jeremy" Pearl Jam
42%
"Georgia On My Mind", "I Can't Stop Loving You", "Hit the Road Jack" Ray Charles
42%
"It's A Man's Man's Man's World", "Living in America", "Papa's Got a Brand New Bag" James Brown
39%
"Dear Mama", "Hail Mary", "Temptations" 2Pac
38%
"Anarchy in the U.K.", "Bodies", "Pretty Vacant" Sex Pistols
37%
"Bad Girls", "Hot Stuff", "I Feel Love" Donna Summer
35%
"Being Boring", "It's a Sin", "West End Girls" Pet Shop Boys
34%
"Delilah", "It’s Not Unusual", "She's A Lady" Tom Jones
33%
"If You Had My Love", "Let's Get Loud", "Waiting for Tonight" Jennifer Lopez
32%
"A Milli", "Fireman", "Lollipop" Lil Wayne
32%
"Get Ur Freak On", "She’s a Bitch", "Work It" Missy Elliott
32%
"Devils Haircut", "Girl", "Loser" Beck
30%
"Everybody Knows", "Hallelujah", "Suzanne" Leonard Cohen
30%
"I Only Want to Be With You", "Son of a Preacher Man", "Spooky" Dusty Springfield
29%
"Hits from the Bong", "Insane in the Brain", "I Feel Love" Cypress Hill
28%
"Hysteria", "Knights of Cydonia", "Stockholm Syndrome" Muse
28%
"Caught Out There", "Milkshake", "Trick Me" Kelis
27%
"Fly by Night", "Subdivisions", "Tom Sawyer" Rush
27%
"Big In Japan", "Forever Young", "Together Again" Alphaville
25%
"Ain't Nobody", "I’m Every Woman", "Through the Fire" Chaka Khan
23%
"Here Comes the Rain Again", "Love Is a Stranger", "Missionary Man" Eurythmics
23%
"It Ain’t Hard to Tell", "N.Y. State of Mind", "The World Is Yours" Nas
23%
"Duality", "Eyeless", "Snuff" Slipknot
23%
"Gold", "Lifeline", "True" Spandau Ballet
22%
"Angel", "Paradise Circus", "Teardrop" Massive Attack
18%
"Every You Every Me", "Nancy Boy", "Pure Morning" Placebo
15%
"Atmosphere", "Disorder", "Transmission" Joy Division
13%
"Honey", "Natural Blues", "Porcelain" Moby
10%
"Club Foot", "Fire", "Underdog" Kasabian
5%
No matching quizzes found
Score Distribution
Percent of People with Each Score
Percentile by Number Answered
Your Score History
You have not taken this quiz since the last reset